书目信息 |
| 题名: |
燕园文物、古迹与历史
|
|
| 作者: | 何晋 著 | |
| 分册: | ||
| 出版信息: | 北京 北京大学出版社 2018 |
|
| 页数: | 269页 | |
| 开本: | 21cm | |
| 丛书名: | ||
| 单 册: | ||
| 中图分类: | G649.281 | |
| 科图分类: | ||
| 主题词: | ||
| 电子资源: | ||
| ISBN: | 978-7-301-29362-1 | |
| 000 | 00841nam0 2200253 450 | |
| 001 | 012001004492 | |
| 005 | 20140928162349.0 | |
| 010 | @a978-7-301-29362-1@b精装@dCNY68.00 | |
| 100 | @a20180612d2018 em y0chiy50 ea | |
| 101 | 0 | @achi |
| 102 | @aCN@b110000 | |
| 105 | @aa z 001yy | |
| 106 | @ar | |
| 200 | 1 | @a燕园文物、古迹与历史@9yan yuan wen wu、gu ji yu li shi@f何晋著 |
| 210 | @a北京@c北京大学出版社@d2018 | |
| 215 | @a269页@c图@d21cm | |
| 330 | @a本书搜录燕园内几乎所有地上文物,穿插与之相关的园林、古建和景观,钩沉典故、探究历史。 | |
| 510 | 1 | @aCultural relics and historical sites of Peking University campus@zeng |
| 601 | 02 | @a北京大学@x概况 |
| 601 | 02 | @a北京大学@x文物@x介绍 |
| 690 | @aG649.281@v5 | |
| 701 | 0 | @a何晋@9he jin@f(1970-)@4著 |
| 801 | 0 | @aCN@b上海新华@c20180901 |
| 905 | @b1170743-7@dG649.281@e1058@f5 | |
| 燕园文物、古迹与历史/何晋著.-北京:北京大学出版社,2018 |
| 269页:图;21cm |
| ISBN 978-7-301-29362-1(精装):CNY68.00 |
| 本书搜录燕园内几乎所有地上文物,穿插与之相关的园林、古建和景观,钩沉典故、探究历史。 |
| ● |
| 相关链接 |
|
|
|
|
正题名:燕园文物、古迹与历史
索取号:G649.281/1058
 
预约/预借
| 序号 | 登录号 | 条形码 | 馆藏地/架位号 | 状态 | 备注 |
| 1 | 1170743 | 211707438 | 第一样本阅览室/ [索取号:G649.281/1058] | 在馆 | |
| 2 | 1170744 | 211707447 | 密集书库-史法系/ [索取号:G649.281/1058] | 在馆 | |
| 3 | 1170745 | 211707456 | 第四借阅区/ [索取号:G649.281/1058] | 在馆 | |
| 4 | 1170746 | 211707465 | 第四借阅区/ [索取号:G649.281/1058] | 在馆 | |
| 5 | 1170747 | 211707474 | 第四借阅区/ [索取号:G649.281/1058] | 在馆 |